| 000 -LEADER | |
|---|---|
| fixed length control field | 00428nam a22001697a 4500 |
| 005 - DATE AND TIME OF LATEST TRANSACTION | |
| control field | 20180719152345.0 |
| 008 - FIXED-LENGTH DATA ELEMENTS--GENERAL INFORMATION | |
| fixed length control field | 160526b xxu||||| |||| 00| 0 eng d |
| 020 ## - INTERNATIONAL STANDARD BOOK NUMBER | |
| ISBN | 981-243-665-0 |
| 041 ## - LANGUAGE CODE | |
| Language code of text/sound track or separate title | eng |
| 082 ## - DEWEY DECIMAL CLASSIFICATION NUMBER | |
| Item number | 5345 |
| Classification number | 658.155 |
| 100 ## - MAIN ENTRY--AUTHOR NAME | |
| Personal name | Bell, David E. & Schleifer, JR Arthur |
| 245 ## - TITLE STATEMENT | |
| Title | Risk Management |
| 260 ## - PUBLICATION, DISTRIBUTION, ETC. (IMPRINT) | |
| Place of publication | New Delhi |
| Name of publisher | Academic Faundation |
| 300 ## - PHYSICAL DESCRIPTION | |
| Number of Pages | 250p, |
| 650 ## - SUBJECT ADDED ENTRY--TOPICAL TERM | |
| Topical Term | Management |
| 942 ## - ADDED ENTRY ELEMENTS (KOHA) | |
| Koha item type | Books |
| Lost status | Damaged status | Collection code | Home library | Current library | Shelving location | Date acquired | Source of acquisition | Cost, normal purchase price | Full call number | Accession Number | Koha item type |
|---|---|---|---|---|---|---|---|---|---|---|---|
| MANAGEMENT | JRU Library | JRU Library | SHELF- 66 H | 26/05/2016 | PURCHASE | 495.00 | 658.155 | 5345 | Books | ||
| MANAGEMENT | JRU Library | JRU Library | SHELF- 66 H | 26/05/2016 | PURCHASE | 495.00 | 658.155 | 5346 | Books | ||
| JRU Library | SHELF-30-G | 26/05/2016 | 495.00 | 658.155 | 5347 | Books | |||||
| MANAGEMENT | JRU Library | JRU Library | SHELF- 66 H | 26/05/2016 | 495.00 | 658.155 | 5348 | Books |